[Event "Hamburg Harburg - ch Gr. A 6th"]
[Site "Hamburg"]
[Date "2008.07.18"]
[Round "1"]
[White "Bohnstorff, Michael"]
[Black "Jordan, Juergen"]
[Result "0-1"]
[WhiteElo "2157"]
[BlackElo "2184"]
[PlyCount "46"]
[EventDate "2008.07.20"]
[EventType "tourn"]
[EventRounds "5"]
[EventCountry "GER"]
[SourceDate "2008.01.01"]

1. d4 d6 2. Nf3 Nf6 3. c3 Bg4 4. Nbd2 Nbd7 5. h3 Bh5 6. Qb3 Rb8 7. g3 c6 8. Bg2
e5 9. Nh4 Nb6 10. O-O Be7 11. Re1 Nfd5 12. Nf5 O-O 13. c4 Nc7 14. c5 dxc5 15.
dxe5 Bg6 16. Nxe7+ Qxe7 17. f4 Ne6 18. e3 Rfd8 19. Ne4 c4 20. Qc2 Nc5 21. b3
Nxe4 22. Bxe4 cxb3 23. axb3 Qb4 0-1

[Event "Hamburg Harburg - ch Gr. A 6th"]
[Site "Hamburg"]
[Date "2008.07.18"]
[Round "1"]
[White "Porth, Hartmut"]
[Black "Franke, Lutz"]
[Result "1/2-1/2"]
[WhiteElo "2177"]
[BlackElo "2157"]
[PlyCount "98"]
[EventDate "2008.07.20"]
[EventType "tourn"]
[EventRounds "5"]
[EventCountry "GER"]
[SourceDate "2008.01.01"]

1. e4 c5 2. d3 Nc6 3. f4 d6 4. g3 g6 5. Bg2 Bg7 6. Nf3 e6 7. O-O Nge7 8. c3 O-O
9. Be3 Rb8 10. a4 a6 11. Bf2 b5 12. axb5 axb5 13. d4 cxd4 14. cxd4 Bb7 15. Nbd2
Qd7 16. Qb3 Nd8 17. Rfc1 Ra8 18. Bf1 Rxa1 19. Rxa1 Bc6 20. Qb4 Nb7 21. Ra7 Rb8
22. Bd3 Bf8 23. Ra6 Nc8 24. Qc3 Nd8 25. Ra1 Nb6 26. b3 Rc8 27. Qb2 Qb7 28. Qb1
Nd7 29. d5 exd5 30. Ra7 Qb8 31. exd5 Nb6 32. dxc6 Qxa7 33. Ne4 Bg7 34. Nxd6
Rxc6 35. Nxb5 Qa1 36. Qxa1 Bxa1 37. Kg2 Nd7 38. Nfd4 Ra6 39. Kf3 Nc5 40. Bc4
Nce6 41. Nc2 Bb2 42. Nb4 Ra1 43. Bb6 Rh1 44. Kg2 Rd1 45. h3 Nb7 46. Nd3 Ba1 47.
Kf3 Ng7 48. g4 Ne8 49. Ke2 Rb1 1/2-1/2

[Event "Hamburg Harburg - ch Gr. A 6th"]
[Site "Hamburg"]
[Date "2008.07.19"]
[Round "2"]
[White "Jordan, Juergen"]
[Black "Borges, Guilherme Deola"]
[Result "1-0"]
[WhiteElo "2184"]
[BlackElo "2216"]
[PlyCount "61"]
[EventDate "2008.07.20"]
[EventType "tourn"]
[EventRounds "5"]
[EventCountry "GER"]
[SourceDate "2008.01.01"]

1. e4 d6 2. d4 Nf6 3. Nc3 e5 4. Nf3 Nbd7 5. Bc4 h6 6. O-O Be7 7. h3 c6 8. a4
O-O 9. Be3 Re8 10. Qd3 Qc7 11. a5 Nf8 12. d5 Ng6 13. b4 Nh5 14. Ne2 Rf8 15. a6
Bd7 16. axb7 Qxb7 17. Rfb1 Kh7 18. Ba6 Qc7 19. dxc6 Bxc6 20. b5 Bb7 21. g4 Nf6
22. Ng3 d5 23. Bxb7 Qxb7 24. exd5 Rfe8 25. c4 e4 26. Nxe4 Nxe4 27. Qxe4 Bf6 28.
Rxa7 Rxe4 29. Rxb7 Rxc4 30. b6 Rd8 31. Rc7 1-0

[Event "Hamburg Harburg - ch Gr. A 6th"]
[Site "Hamburg"]
[Date "2008.07.19"]
[Round "2"]
[White "Bohnstorff, Michael"]
[Black "Porth, Hartmut"]
[Result "1/2-1/2"]
[WhiteElo "2157"]
[BlackElo "2177"]
[PlyCount "43"]
[EventDate "2008.07.20"]
[EventType "tourn"]
[EventRounds "5"]
[EventCountry "GER"]
[SourceDate "2008.01.01"]

1. d4 Nc6 2. Nf3 d5 3. c3 Bg4 4. Bf4 e6 5. Nbd2 Nf6 6. e3 Bd6 7. Qa4 O-O 8. Ne5
Bxe5 9. Bxe5 Bf5 10. Bg3 Nh5 11. Be2 Nxg3 12. hxg3 a6 13. c4 dxc4 14. Qxc4 Qd5
15. Rc1 Qxc4 16. Rxc4 Rfd8 17. f4 Rd7 18. Bf3 Nd8 19. Ne4 Bxe4 20. Bxe4 f5 21.
Bf3 c6 22. O-O 1/2-1/2

[Event "Hamburg Harburg - ch Gr. A 6th"]
[Site "Hamburg"]
[Date "2008.07.19"]
[Round "3"]
[White "Porth, Hartmut"]
[Black "Jordan, Juergen"]
[Result "1/2-1/2"]
[WhiteElo "2177"]
[BlackElo "2184"]
[PlyCount "66"]
[EventDate "2008.07.20"]
[EventType "tourn"]
[EventRounds "5"]
[EventCountry "GER"]
[SourceDate "2008.01.01"]

1. e4 c5 2. d3 Nc6 3. f4 g6 4. Nf3 d6 5. g3 Bg7 6. Bg2 e5 7. Nc3 Nge7 8. O-O
exf4 9. Bxf4 O-O 10. Qd2 d5 11. Bh6 dxe4 12. Nxe4 Bxh6 13. Qxh6 Nf5 14. Qf4
Ncd4 15. Nxd4 Qxd4+ 16. Kh1 Ne3 17. c3 Nxg2 18. Kxg2 Qd5 19. Kg1 f5 20. Qh6 Be6
21. Ng5 Qd7 22. Rf4 Rae8 23. Rh4 Re7 24. Re1 Rfe8 25. Re3 Rg7 26. d4 Ree7 27.
b3 Bd5 28. Rxe7 Rxe7 29. Rf4 Qe8 30. Rf1 cxd4 31. cxd4 Qb5 32. Nxh7 Re6 33. Ng5
Qd7 1/2-1/2

[Event "Hamburg Harburg - ch Gr. A 6th"]
[Site "Hamburg"]
[Date "2008.07.19"]
[Round "3"]
[White "Borges, Guilherme Deola"]
[Black "Franke, Lutz"]
[Result "0-1"]
[WhiteElo "2216"]
[BlackElo "2157"]
[PlyCount "130"]
[EventDate "2008.07.20"]
[EventType "tourn"]
[EventRounds "5"]
[EventCountry "GER"]
[SourceDate "2008.01.01"]

1. d4 Nf6 2. c4 g6 3. Nc3 d5 4. cxd5 Nxd5 5. e4 Nxc3 6. bxc3 Bg7 7. Be3 c5 8.
Qd2 Qa5 9. Nf3 O-O 10. Be2 cxd4 11. cxd4 Qxd2+ 12. Kxd2 Rd8 13. Rhd1 Nc6 14.
Ke1 Bg4 15. e5 f6 16. Rab1 fxe5 17. dxe5 Rxd1+ 18. Bxd1 b6 19. Bb3+ Kh8 20. Ng5
Nxe5 21. f4 Nd3+ 22. Kd2 h6 23. h3 Bf5 24. g4 hxg5 25. gxf5 Rd8 26. fxg5 gxf5
27. Ke2 f4 28. Bg1 Bb2 29. Bc2 Nc1+ 30. Kf3 Ba3 31. Kxf4 Kg7 32. Be3 Nxa2 33.
Ra1 Bd6+ 34. Kg4 Nb4 35. Be4 Rd7 36. h4 Be5 37. Rf1 Nd5 38. Bg1 e6 39. h5 Nc3
40. h6+ Kg8 41. Bc2 Rd2 42. Bb3 Nd5 43. Rc1 Rg2+ 44. Kh4 Nf4 45. Be3 Nd5 46.
Re1 Bg3+ 47. Kh3 Bxe1 48. Kxg2 Nxe3+ 49. Kf3 Nd5 50. Kg4 Kf7 51. Kh5 Nf4+ 52.
Kg4 Ng6 53. Kh5 Nf8 54. Bc2 Bc3 55. g6+ Nxg6 56. Bxg6+ Ke7 57. Bd3 a5 58. Bb5
Kd6 59. Kg6 Kc5 60. Bd3 a4 61. Kf7 b5 62. Kxe6 b4 63. h7 b3 64. Be4 a3 65. Bd5
a2 0-1

[Event "Hamburg Harburg - ch Gr. A 6th"]
[Site "Hamburg"]
[Date "2008.07.20"]
[Round "4"]
[White "Jordan, Juergen"]
[Black "Franke, Lutz"]
[Result "1-0"]
[WhiteElo "2184"]
[BlackElo "2157"]
[PlyCount "33"]
[EventDate "2008.07.20"]
[EventType "tourn"]
[EventRounds "5"]
[EventCountry "GER"]
[SourceDate "2008.01.01"]

1. e4 c5 2. Nc3 e6 3. f4 Nc6 4. Nf3 a6 5. a4 g6 6. Bc4 Bg7 7. d3 d6 8. O-O Nge7
9. Qe1 O-O 10. Qh4 Nd4 11. f5 Nec6 12. Ng5 h6 13. f6 hxg5 14. Bxg5 Bh8 15. Qh6
Ne5 16. Rf4 b5 17. Raf1 1-0

[Event "Hamburg Harburg - ch Gr. A 6th"]
[Site "Hamburg"]
[Date "2008.07.20"]
[Round "4"]
[White "Bohnstorff, Michael"]
[Black "Borges, Guilherme Deola"]
[Result "0-1"]
[WhiteElo "2157"]
[BlackElo "2216"]
[PlyCount "164"]
[EventDate "2008.07.20"]
[EventType "tourn"]
[EventRounds "5"]
[EventCountry "GER"]
[SourceDate "2008.01.01"]

1. d4 Nf6 2. Nf3 g6 3. c3 Bg7 4. Bf4 O-O 5. Nbd2 d6 6. e4 c5 7. Be2 a6 8. a4 b6
9. O-O Bb7 10. Qc2 cxd4 11. cxd4 Nc6 12. Rac1 Rc8 13. Qb1 Nb4 14. Be3 d5 15. e5
Ne8 16. Ne1 Rxc1 17. Qxc1 Qd7 18. b3 Nc7 19. Nd3 Nxd3 20. Bxd3 f5 21. f4 Ne6
22. Nf3 Rc8 23. Qb2 Nd8 24. Rc1 e6 25. Rxc8 Qxc8 26. Bf1 Bf8 27. Ne1 a5 28. Bb5
Ba6 29. Bxa6 Qxa6 30. Qc2 Kf7 31. h3 Ke8 32. Nd3 Kd7 33. Bf2 Qc8 34. Qb2 Qc6
35. Be1 Be7 36. Kh2 Kc7 37. Kg1 Kb7 38. Kf2 Ka7 39. Ke3 g5 40. g3 Qe8 41. Qe2
Nc6 42. Bc3 h5 43. Nb2 h4 44. g4 gxf4+ 45. Kxf4 Qg6 46. Kf3 fxg4+ 47. hxg4 Bg5
48. Kg2 Qb1 49. Qd3 Qc1 50. Nd1 Qf4 51. Nf2 Be7 52. Qf3 Qc1 53. Qd3 Kb7 54. Bd2
h3+ 55. Nxh3 Qb2 56. Nf2 Qxd4 57. Qxd4 Nxd4 58. g5 Nxb3 59. g6 Bf8 60. Bg5 Nd4
61. Be7 Bg7 62. Bf6 Nf5 63. Nh3 Bxf6 64. exf6 Nh4+ 65. Kf2 Nxg6 66. Ke3 Kc6 67.
f7 b5 68. axb5+ Kxb5 69. Nf4 Nf8 70. Kd4 a4 71. Ke5 a3 72. Nxe6 a2 73. Nxf8
a1=Q+ 74. Ke6 Qe1+ 75. Kd7 Qf2 76. Ke7 Qh4+ 77. Ke8 Qh6 78. Ke7 d4 79. Ne6 d3
80. Nd4+ Kc4 81. Nf3 Qe3+ 82. Kd7 Qxf3 0-1

[Event "Hamburg Harburg - ch Gr. A 6th"]
[Site "Hamburg"]
[Date "2008.07.20"]
[Round "5"]
[White "Borges, Guilherme Deola"]
[Black "Porth, Hartmut"]
[Result "1-0"]
[WhiteElo "2216"]
[BlackElo "2177"]
[PlyCount "140"]
[EventDate "2008.07.20"]
[EventType "tourn"]
[EventRounds "5"]
[EventCountry "GER"]
[SourceDate "2008.01.01"]

1. d4 Nc6 2. d5 Ne5 3. e4 e6 4. f4 Ng6 5. dxe6 dxe6 6. Qxd8+ Kxd8 7. Nc3 Bb4 8.
Bd2 Nf6 9. O-O-O Bd7 10. Nh3 Ke8 11. Bd3 Ne7 12. Rhf1 a6 13. Ng5 Bc6 14. Rde1
Nd7 15. f5 e5 16. Bc4 h6 17. Nxf7 Rf8 18. Nxh6 gxh6 19. Bxh6 Bxc3 20. bxc3 Rh8
21. Bg7 Rh7 22. f6 Ng6 23. Rh1 Rh4 24. Be6 Rxe4 25. g3 Rxe1+ 26. Rxe1 Ngf8 27.
Bg4 Kf7 28. Rf1 Be4 29. h4 Bh7 30. Be2 b5 31. h5 Ne6 32. h6 Bg6 33. Bg4 Ndf8
34. Rh1 Nh7 35. Rd1 Nhf8 36. Rd5 e4 37. Re5 Re8 38. Rd5 Rd8 39. Re5 Re8 40. Rd5
Rd8 41. Re5 Rd6 42. a4 c6 43. axb5 cxb5 44. c4 bxc4 45. Be2 Nd7 46. Rh5 Nxg7
47. fxg7 Bh7 48. Rg5 Nf6 49. Bxc4+ Ke7 50. g8=Q Nxg8 51. Rg7+ Kf8 52. Rf7+ Ke8
53. Rxh7 Nxh6 54. Ra7 Rg6 55. Rh7 Rf6 56. Ra7 Rg6 57. Rxa6 Rxa6 58. Bxa6 Nf5
59. g4 Ng3 60. g5 Kf7 61. Kd2 Nf5 62. Bc8 Nd6 63. Bd7 Kg6 64. Ke3 Kxg5 65. Bc6
Kf5 66. Kd4 Ke6 67. Bxe4 Nxe4 68. Kxe4 Kd6 69. Kd4 Kc6 70. Kc4 Kc7 {ZÜ} 1-0

[Event "Hamburg Harburg - ch Gr. A 6th"]
[Site "Hamburg"]
[Date "2008.07.20"]
[Round "5"]
[White "Franke, Lutz"]
[Black "Bohnstorff, Michael"]
[Result "1/2-1/2"]
[WhiteElo "2157"]
[BlackElo "2157"]
[PlyCount "103"]
[EventDate "2008.07.20"]
[EventType "tourn"]
[EventRounds "5"]
[EventCountry "GER"]
[SourceDate "2008.01.01"]

1. Nf3 Nf6 2. c4 c6 3. b3 d5 4. Bb2 Bf5 5. d3 e6 6. g3 Nbd7 7. Bg2 Be7 8. O-O
O-O 9. Nbd2 h6 10. Qc2 Bh7 11. a3 Ne8 12. b4 Bf6 13. Bxf6 Nexf6 14. Nb3 Qe7 15.
Na5 Rab8 16. Qb2 Rfc8 17. cxd5 cxd5 18. Rfc1 Nb6 19. Nd4 Ne8 20. Nb5 a6 21. Nc3
Nd6 22. Qb3 Nd7 23. Na4 Qg5 24. Qb2 Qd8 25. Nb3 b6 26. Nd4 Qe8 27. Rc6 Rxc6 28.
Nxc6 Rc8 29. Nd4 Rc7 30. Rc1 Qc8 31. Rxc7 Qxc7 32. Bh3 Nf8 33. Qc3 Qxc3 34.
Nxc3 f5 35. Na4 Nc8 36. Nc6 Nd7 37. e4 Kf7 38. exd5 exd5 39. Nc3 Ke6 40. f4 Kd6
41. Nd4 Ne7 42. Kf2 g6 43. Ke3 Bg8 44. Bg2 Bf7 45. Bf3 Nf6 46. h3 Be8 47. g4
fxg4 48. hxg4 Bd7 49. g5 hxg5 50. fxg5 Nh7 51. Kf4 Nf8 52. Bg4 1/2-1/2

[Event "Hamburg Harburg - ch Gr. B 6th"]
[Site "Hamburg"]
[Date "2008.07.18"]
[Round "1"]
[White "Schiele, Lars"]
[Black "Herlan, Klaus Juergen"]
[Result "1-0"]
[WhiteElo "1941"]
[BlackElo "1969"]
[PlyCount "71"]
[EventDate "2008.07.20"]
[EventType "tourn"]
[EventRounds "5"]
[EventCountry "GER"]
[SourceDate "2008.01.01"]

1. e4 c5 2. Nf3 e6 3. d4 cxd4 4. Nxd4 a6 5. Bd3 Qc7 6. O-O Nf6 7. Kh1 Nc6 8.
Nxc6 dxc6 9. f4 e5 10. fxe5 Bg4 11. Qe1 Qxe5 12. Bf4 Qh5 13. Nd2 Be7 14. Qg3
O-O 15. Nc4 Rfe8 16. Nb6 Rad8 17. Bc7 Rd4 18. Rae1 Rb4 19. Nc4 Be6 20. Nd6 Ra8
21. Nf5 Bxf5 22. Rxf5 Qg4 23. Qe5 Bf8 24. Rg5 Qh4 25. Re3 Ng4 26. Rxg4 Qxg4 27.
h3 Qd1+ 28. Kh2 Qc1 29. Rf3 Qxb2 30. c3 Ra4 31. Qf5 Ba3 32. Qxf7+ Kh8 33. Rg3
Rg8 34. Rxg7 Rxg7 35. Qe8+ Rg8 36. Be5# 1-0

[Event "Hamburg Harburg - ch Gr. B 6th"]
[Site "Hamburg"]
[Date "2008.07.18"]
[Round "1"]
[White "Sternberg, Lew"]
[Black "Wennmann, Torsten"]
[Result "1/2-1/2"]
[WhiteElo "2072"]
[BlackElo "2106"]
[PlyCount "101"]
[EventDate "2008.07.20"]
[EventType "tourn"]
[EventRounds "5"]
[EventCountry "GER"]
[SourceDate "2008.01.01"]

1. e4 c5 2. Nc3 Nc6 3. f4 d6 4. d3 e6 5. Nf3 g6 6. g3 Bg7 7. Bg2 Nge7 8. Ne2
O-O 9. c3 b6 10. g4 d5 11. Qc2 dxe4 12. dxe4 Ba6 13. Ng3 Qd3 14. Qxd3 Bxd3 15.
Be3 Rad8 16. h4 Na5 17. Nd2 f5 18. gxf5 exf5 19. O-O-O fxe4 20. Ndxe4 Nc4 21.
Rhe1 Bxe4 22. Nxe4 Rxd1+ 23. Kxd1 Nxe3+ 24. Rxe3 Nd5 25. Re1 Nxf4 26. Bf1 h6
27. Kc2 Rd8 28. Re3 Kh7 29. Kb3 Rd1 30. Ng3 Bf6 31. h5 Nxh5 32. Be2 Rd5 33. Kc4
Rd7 34. Nxh5 gxh5 35. Bxh5 Kg7 36. a4 Bg5 37. Rf3 Bc1 38. b3 Bg5 39. Kb5 Bf6
40. Ka6 Be5 41. c4 Bf6 42. Rg3+ Bg5 43. Bg4 Rc7 44. Rd3 Kf6 45. Rd7 Rxd7 46.
Bxd7 Bd2 47. Kxa7 Ba5 48. Bg4 Ke5 49. Ka6 Kd4 50. Kb5 Kc3 51. Bd1 1/2-1/2

[Event "Hamburg Harburg - ch Gr. B 6th"]
[Site "Hamburg"]
[Date "2008.07.18"]
[Round "1"]
[White "Martin Sommerfeldt, Luis"]
[Black "Schmidt Brauns, Rainer"]
[Result "1/2-1/2"]
[WhiteElo "2067"]
[BlackElo "2036"]
[PlyCount "102"]
[EventDate "2008.07.20"]
[EventType "tourn"]
[EventRounds "5"]
[EventCountry "GER"]
[SourceDate "2008.01.01"]

1. c4 e5 2. Nf3 Nc6 3. Nc3 Nf6 4. g3 g6 5. Bg2 Bg7 6. O-O O-O 7. Ne1 d6 8. d3
Be6 9. h3 Rb8 10. Rb1 a5 11. a3 d5 12. cxd5 Nxd5 13. Bd2 Qd7 14. Kh2 f5 15. Nc2
Kh8 16. Ne3 Nxe3 17. fxe3 Ne7 18. b4 axb4 19. axb4 c6 20. Na4 b6 21. Qc2 Bd5
22. e4 fxe4 23. Rxf8+ Bxf8 24. dxe4 Bg8 25. Be3 b5 26. Nc5 Qe8 27. Qc3 Bg7 28.
Ra1 Ra8 29. Rxa8 Qxa8 30. Bf3 Qa2 31. Kg2 Nc8 32. Qd3 Nb6 33. Qd8 Nc4 34. Bg5
Qa7 35. Nd7 Ne3+ 36. Bxe3 Qxe3 37. Nf6 Qb3 38. Nxg8 Qxg8 39. Qd6 Qe8 40. Bg4
Bf8 41. Qf6+ Bg7 42. Qd6 Bf8 43. Qc7 Bxb4 44. Bd7 Qe7 45. Qxc6 Bc5 46. Qxb5 Qf8
47. e3 Qd6 48. h4 Bxe3 49. Bg4 Qe7 50. Qd5 Bd4 51. Bf3 Kg7 1/2-1/2

[Event "Hamburg Harburg - ch Gr. B 6th"]
[Site "Hamburg"]
[Date "2008.07.19"]
[Round "2"]
[White "Wennmann, Torsten"]
[Black "Martin Sommerfeldt, Luis"]
[Result "1/2-1/2"]
[WhiteElo "2106"]
[BlackElo "2067"]
[PlyCount "25"]
[EventDate "2008.07.20"]
[EventType "tourn"]
[EventRounds "5"]
[EventCountry "GER"]
[SourceDate "2008.01.01"]

1. d4 Nf6 2. c4 e6 3. Nf3 b6 4. g3 Bb7 5. Bg2 Be7 6. O-O O-O 7. Nbd2 c5 8. dxc5
Bxc5 9. b3 d5 10. cxd5 Nxd5 11. Bb2 Nd7 12. Nc4 b5 13. Nce5 1/2-1/2

[Event "Hamburg Harburg - ch Gr. B 6th"]
[Site "Hamburg"]
[Date "2008.07.19"]
[Round "2"]
[White "Schiele, Lars"]
[Black "Sternberg, Lew"]
[Result "1-0"]
[WhiteElo "1941"]
[BlackElo "2072"]
[PlyCount "79"]
[EventDate "2008.07.20"]
[EventType "tourn"]
[EventRounds "5"]
[EventCountry "GER"]
[SourceDate "2008.01.01"]

1. e4 c5 2. Nf3 e6 3. d4 cxd4 4. Nxd4 d6 5. Be2 Nf6 6. Nc3 Nc6 7. Be3 d5 8.
exd5 exd5 9. O-O Bb4 10. Nxc6 bxc6 11. Qd4 Be7 12. Na4 O-O 13. Nc5 Re8 14. Bf3
Bf5 15. c3 Qb8 16. b4 Bd6 17. Qh4 a5 18. a3 Qc7 19. Rfe1 Nd7 20. Nb3 axb4 21.
axb4 Ne5 22. Be2 Ng6 23. Rxa8 Rxa8 24. Qh5 Qc8 25. Nd4 Bd7 26. h3 Ra3 27. Bd2
Ra2 28. Be3 Qa8 29. Bd3 Qa3 30. Rc1 Qb2 31. Qe2 Nf4 32. Bxf4 Bxf4 33. Qxb2 Rxb2
34. Ra1 g6 35. b5 c5 36. Nc6 Be6 37. g3 Bd2 38. Rb1 Ra2 39. b6 Ra8 40. b7 1-0

[Event "Hamburg Harburg - ch Gr. B 6th"]
[Site "Hamburg"]
[Date "2008.07.19"]
[Round "3"]
[White "Sternberg, Lew"]
[Black "Herlan, Klaus Juergen"]
[Result "1/2-1/2"]
[WhiteElo "2072"]
[BlackElo "1969"]
[PlyCount "48"]
[EventDate "2008.07.20"]
[EventType "tourn"]
[EventRounds "5"]
[EventCountry "GER"]
[SourceDate "2008.01.01"]

1. e4 d5 2. exd5 Qxd5 3. Nc3 Qa5 4. d4 Nf6 5. Nf3 Bg4 6. Be2 Nc6 7. O-O O-O-O
8. Be3 e5 9. Nd2 Bxe2 10. Nxe2 exd4 11. Bf4 Qf5 12. Rc1 Nd5 13. Bg3 h5 14. Nf3
Bc5 15. Nexd4 Nxd4 16. Nxd4 Qg6 17. h3 Rhe8 18. c3 Ne3 19. fxe3 Qxg3 20. Qxh5
Qxe3+ 21. Kh1 Bxd4 22. cxd4 Qxd4 23. Qxf7 Qd7 24. Qc4 Re7 1/2-1/2

[Event "Hamburg Harburg - ch Gr. B 6th"]
[Site "Hamburg"]
[Date "2008.07.19"]
[Round "3"]
[White "Martin Sommerfeldt, Luis"]
[Black "Schiele, Lars"]
[Result "1/2-1/2"]
[WhiteElo "2067"]
[BlackElo "1941"]
[PlyCount "65"]
[EventDate "2008.07.20"]
[EventType "tourn"]
[EventRounds "5"]
[EventCountry "GER"]
[SourceDate "2008.01.01"]

1. Nf3 g6 2. e4 Bg7 3. d4 d6 4. Be2 Nf6 5. Nc3 O-O 6. h3 Nc6 7. Be3 e5 8. Qd2
Qe8 9. d5 Ne7 10. g3 Bd7 11. O-O-O b5 12. Qd3 b4 13. Nb1 Nexd5 14. exd5 e4 15.
Qc4 exf3 16. Bxf3 a5 17. Qh4 Bf5 18. Qc4 Nd7 19. g4 Ne5 20. Qf4 Bxc2 21. Kxc2
Qa4+ 22. Kd2 Qxa2 23. Ke2 Qxb2+ 24. Kf1 a4 25. Bd4 Qc2 26. Rc1 Qd3+ 27. Be2 Qb3
28. Qe4 a3 29. Nd2 Qa4 30. Bd1 Qb5+ 31. Be2 Qa4 32. Bd1 Qb5+ 33. Be2 1/2-1/2

[Event "Hamburg Harburg - ch Gr. B 6th"]
[Site "Hamburg"]
[Date "2008.07.19"]
[Round "3"]
[White "Schmidt Brauns, Rainer"]
[Black "Wennmann, Torsten"]
[Result "1/2-1/2"]
[WhiteElo "2036"]
[BlackElo "2106"]
[PlyCount "82"]
[EventDate "2008.07.20"]
[EventType "tourn"]
[EventRounds "5"]
[EventCountry "GER"]
[SourceDate "2008.01.01"]

1. d4 f5 2. Nf3 Nf6 3. c4 d6 4. g3 g6 5. Bg2 Bg7 6. O-O O-O 7. Nc3 Qe8 8. d5
Na6 9. Be3 c6 10. Rc1 Ng4 11. Bd2 Nc7 12. b3 Bd7 13. e3 h6 14. Nd4 Rb8 15. Qe2
e5 16. dxe6 Nxe6 17. Nxe6 Bxe6 18. f3 Nf6 19. e4 fxe4 20. Nxe4 Nxe4 21. fxe4
Qe7 22. Rxf8+ Rxf8 23. Rf1 Rxf1+ 24. Kxf1 g5 25. Qf3 Qf6 26. Qxf6 Bxf6 27. h4
gxh4 28. gxh4 Kg7 29. Bf4 Be5 30. Bxe5+ dxe5 31. Bf3 Kf6 32. Ke2 Ke7 33. Kd3
Kd6 34. b4 b6 35. a3 Bh3 36. Bh5 Bf1+ 37. Be2 Bg2 38. Ke3 Bh3 39. Bh5 a5 40.
Be2 axb4 41. axb4 c5 1/2-1/2

[Event "Hamburg Harburg - ch Gr. B 6th"]
[Site "Hamburg"]
[Date "2008.07.20"]
[Round "4"]
[White "Herlan, Klaus Juergen"]
[Black "Wennmann, Torsten"]
[Result "0-1"]
[WhiteElo "1969"]
[BlackElo "2106"]
[PlyCount "80"]
[EventDate "2008.07.20"]
[EventType "tourn"]
[EventRounds "5"]
[EventCountry "GER"]
[SourceDate "2008.01.01"]

1. d4 f5 2. Bg5 g6 3. Nc3 Bg7 4. e4 fxe4 5. Nxe4 d5 6. Nc3 c6 7. Nf3 Nh6 8. Qd2
Nf7 9. Bf4 Bg4 10. Ne5 Nxe5 11. Bxe5 Bxe5 12. dxe5 Nd7 13. h3 Be6 14. f4 Qc7
15. Be2 O-O-O 16. Bg4 Bxg4 17. hxg4 e6 18. O-O-O Rdf8 19. Rh3 Rf7 20. Rdh1 Kb8
21. g5 a6 22. g3 Rhf8 23. Re1 b5 24. Rhh1 Nb6 25. b3 c5 26. Kb1 b4 27. Nd1 d4
28. Nf2 Nd5 29. Ne4 Ka7 30. Rhf1 Qa5 31. Rf3 Nc3+ 32. Nxc3 bxc3 33. Qc1 c4 34.
Re4 Qd5 35. Qe1 cxb3 36. axb3 Rb8 37. Kc1 Rfb7 38. Kd1 Rxb3 39. cxb3 Rxb3 40.
Kc2 Rb2+ 0-1

[Event "Hamburg Harburg - ch Gr. B 6th"]
[Site "Hamburg"]
[Date "2008.07.20"]
[Round "4"]
[White "Schiele, Lars"]
[Black "Schmidt Brauns, Rainer"]
[Result "1-0"]
[WhiteElo "1941"]
[BlackElo "2036"]
[PlyCount "79"]
[EventDate "2008.07.20"]
[EventType "tourn"]
[EventRounds "5"]
[EventCountry "GER"]
[SourceDate "2008.01.01"]

1. e4 c6 2. Nc3 d5 3. Qf3 e6 4. d4 Nf6 5. e5 Nfd7 6. Bf4 a6 7. Qg3 c5 8. dxc5
Nc6 9. Nf3 Nxc5 10. Be2 b5 11. a3 Qa5 12. O-O b4 13. axb4 Qxb4 14. Nb5 Ne4 15.
Qh3 Kd8 16. Ng5 Nxg5 17. Bxg5+ Be7 18. Bxe7+ Kxe7 19. f4 Bd7 20. Nd6 a5 21. Qh5
Be8 22. Qg5+ Kf8 23. Kh1 h6 24. Qg3 g6 25. Bb5 Bd7 26. Bd3 Rg8 27. Qh4 h5 28.
Nxf7 Kxf7 29. Qf6+ Ke8 30. Bxg6+ Rxg6 31. Qxg6+ Kf8 32. Qxh5 Rb8 33. f5 exf5
34. Qh8+ Ke7 35. Qf6+ Ke8 36. e6 Bc8 37. Qf7+ Kd8 38. Rxf5 Qxb2 39. Rxd5+ Bd7
40. Qxd7# 1-0

[Event "Hamburg Harburg - ch Gr. B 6th"]
[Site "Hamburg"]
[Date "2008.07.20"]
[Round "4"]
[White "Sternberg, Lew"]
[Black "Martin Sommerfeldt, Luis"]
[Result "1/2-1/2"]
[WhiteElo "2072"]
[BlackElo "2067"]
[PlyCount "138"]
[EventDate "2008.07.20"]
[EventType "tourn"]
[EventRounds "5"]
[EventCountry "GER"]
[SourceDate "2008.01.01"]

1. e4 c5 2. Nc3 e6 3. d3 g6 4. f4 Bg7 5. Nf3 Nc6 6. Be3 b6 7. Qc1 Nge7 8. Ne2
Ba6 9. g4 d6 10. Ng3 Qd7 11. c3 f5 12. h3 h6 13. Qc2 O-O 14. Bg2 Rac8 15. gxf5
exf5 16. Nh4 Qe6 17. Qd2 Kh7 18. Nf3 c4 19. h4 cxd3 20. h5 Rce8 21. hxg6+ Qxg6
22. Ng5+ Kg8 23. exf5 Rxf5 24. Nxf5 Qxf5 25. Bh3 Qg6 26. Be6+ Kf8 27. f5 Nxf5
28. Bxf5 Qxf5 29. Rf1 Qxf1+ 30. Kxf1 hxg5 31. Re1 Ne5 32. Bxg5 Re6 33. b3 Nf3
34. Rxe6 Nxd2+ 35. Bxd2 Bxc3 36. Ke1 Be5 37. Kf2 Bc8 38. Rh6 Bf5 39. Ke3 Kg7
40. Rh1 d5 41. a4 Kg6 42. Rg1+ Kf7 43. Rg5 Kf6 44. Rg8 d4+ 45. Kf3 Be6 46. Rf8+
Ke7 47. Bb4+ Kd7 48. Ke4 Bg7 49. Ra8 a5 50. Bd2 Kc6 51. Bf4 Kc5 52. Ra7 Bd5+
53. Kf5 Bf8 54. Rc7+ Kb4 55. Ke5 Bxb3 56. Kxd4 Bc2 57. Rc4+ Kb3 58. Rc6 Bb4 59.
Rxb6 Kxa4 60. Kc4 Be1 61. Rb2 Bb4 62. Bc1 Ba3 63. Kc3 Bxb2+ 64. Kxb2 Kb4 65.
Bd2+ Kb5 66. Kc3 a4 67. Bc1 Kc5 68. Ba3+ Kd5 69. Kd2 Bb1 1/2-1/2

[Event "Hamburg Harburg - ch Gr. B 6th"]
[Site "Hamburg"]
[Date "2008.07.20"]
[Round "5"]
[White "Martin Sommerfeldt, Luis"]
[Black "Herlan, Klaus Juergen"]
[Result "1/2-1/2"]
[WhiteElo "2067"]
[BlackElo "1969"]
[PlyCount "29"]
[EventDate "2008.07.20"]
[EventType "tourn"]
[EventRounds "5"]
[EventCountry "GER"]
[SourceDate "2008.01.01"]

1. d4 Nf6 2. Nf3 d5 3. g3 g6 4. Bg2 Bg7 5. O-O O-O 6. b3 b6 7. Bb2 Bb7 8. Nbd2
Nbd7 9. c4 c5 10. e3 Rc8 11. Rc1 dxc4 12. bxc4 e6 13. Qb3 Rc7 14. Rfd1 Qa8 15.
Ne1 1/2-1/2

[Event "Hamburg Harburg - ch Gr. B 6th"]
[Site "Hamburg"]
[Date "2008.07.20"]
[Round "5"]
[White "Schmidt Brauns, Rainer"]
[Black "Sternberg, Lew"]
[Result "1-0"]
[WhiteElo "2036"]
[BlackElo "2072"]
[PlyCount "79"]
[EventDate "2008.07.20"]
[EventType "tourn"]
[EventRounds "5"]
[EventCountry "GER"]
[SourceDate "2008.01.01"]

1. d4 d5 2. c4 e6 3. Nf3 c6 4. Qc2 Bd6 5. g3 Ne7 6. Bg2 f6 7. O-O e5 8. cxd5
cxd5 9. e4 Nbc6 10. dxe5 fxe5 11. exd5 Nb4 12. Qb3 Bf5 13. Na3 a5 14. Bg5 a4
15. Qd1 O-O 16. Qd2 Ra5 17. Nxe5 h6 18. Bxe7 Bxe7 19. Nac4 Rb5 20. Ne3 Qd6 21.
N5c4 Qc5 22. Nxf5 Rxf5 23. Ne3 Bg5 24. Qc3 Rxf2 25. Qxc5 Rxf1+ 26. Nxf1 Rxc5
27. Rd1 Nxa2 28. d6 Kf8 29. d7 Bd8 30. Re1 Be7 31. Ra1 Nc1 32. Rxa4 Bd8 33. Re4
Bc7 34. Rf4+ Kg8 35. Ra4 Ne2+ 36. Kf2 Rc2 37. Bd5+ Kf8 38. Ra8+ Bd8 39. Rxd8+
Ke7 40. Re8+ 1-0

[Event "Hamburg Harburg - ch Gr. C 6th"]
[Site "Hamburg"]
[Date "2008.07.18"]
[Round "1"]
[White "Koop, Soeren"]
[Black "Marx, Joschka"]
[Result "0-1"]
[WhiteElo "1897"]
[BlackElo "1958"]
[PlyCount "69"]
[EventDate "2008.07.20"]
[EventType "tourn"]
[EventRounds "5"]
[EventCountry "GER"]
[SourceDate "2008.01.01"]

1. e4 c5 2. Nf3 e6 3. d4 cxd4 4. Nxd4 a6 5. c4 Qc7 6. Nc3 Nf6 7. Bd3 Nc6 8.
Nxc6 bxc6 9. O-O Be7 10. Be3 d6 11. g4 e5 12. g5 Ng4 13. Bc1 h6 14. h3 Nxf2 15.
Rxf2 hxg5 16. Qf3 Be6 17. Bf1 Rh4 18. Rh2 Kd7 19. Be3 Rah8 20. Bf2 g4 21. Qd3
R4h6 22. c5 gxh3 23. cxd6 Bxd6 24. Na4 Ke8 25. Qxa6 Bg4 26. Be2 Qd7 27. Nc5
Bxe2 28. Qxe2 Qe7 29. Nb3 f5 30. Rc1 Rg6+ 31. Kh1 Rg2 32. Rxc6 Qg5 33. Qf3 fxe4
34. Qxe4 Rh4 35. Bxh4 0-1